000 00777ngm a22003250a 4500
001 PT19569
003 AR-LpoUNG
005 20210202000319.0
007 vd cvaizq
008 191001s1948||||ag |||||||||||||||||eng d
037 _c$9,96
040 _aAR-LpoUNG
_bspa
_cAR-LpoUNG
_eaacr
041 _aeng
044 _aag
082 0 _a822.33 48ham
100 1 _aOliver, Laurence
_edir.
245 1 0 _aHamlet
260 _aBuenos Aires :
_bBlackman,
_c[1948].
300 _aVHS (155 min.) : son., byn
650 4 _aINGLATERRA
650 4 _aLITERATURA
653 _aLITERATURA INGLESA
653 _aSHAKESPEARE, WILLIAM
653 _aTEATRO INGLES
653 _aVHS
653 _aVIDEOS
700 1 _aSimmons, Jean
_edir.
905 _a19569
942 _cVIDEO
999 _c54598
_d54598